|
|
|
|
| LEADER |
00749nam a2200313 a 4500 |
| 001 |
000000838 |
| 003 |
SVKKK |
| 005 |
20070227093552.0 |
| 008 |
030616c1885 xo e huno |
| FMT |
|
|
|
| 038 |
|
|
|a SVKKK
|
| 040 |
|
|
|a SVKKK
|b slo
|e AACR2
|
| 041 |
0 |
|
|a hun
|
| 044 |
|
|
|a xo
|
| 080 |
|
|
|a 553.7(091)
|2 1981
|
| 080 |
|
|
|a 615.83
|2 1981
|
| 100 |
1 |
|
|a Szontagh, M.
|4 aut
|
| 242 |
1 |
0 |
|a Baldovské kúpele
|
| 245 |
1 |
0 |
|a A baldóczi fürdö /
|c Szontagh M.
|
| 260 |
|
|
|a Igló :
|b [s.n.],
|c 1885
|
| 300 |
|
|
|a Nestr.
|
| 650 |
0 |
4 |
|a kúpele
|x rozvoj
|z Baldovce (Slovensko)
|x monografie
|
| 651 |
|
4 |
|a Baldovce (Slovensko)
|x kúpele
|
| 957 |
|
|
|a Baldovce
|
| 974 |
|
|
|d 960813
|a Čr
|
| 992 |
|
|
|a AJP
|
| BAS |
|
|
|
| 852 |
|
|
|a SVKKK
|b BIB
|
| 998 |
|
|
|a GEO
|